000 00960nam0a22002411i 4500
001 rc\3777561
005 20240726081943.0
021 _aRU
_b[75-26248а]
035 _a(NLR Aleph) 007228871
090 _a7720861
_c7720861
100 _a20120207d1975 |||y0rusy50 ca
101 0 _arus
102 _aRU
105 _ay d |||||
200 1 _aПрименение норм советского права и социальное (государственное) управление
_e(Теорет. проблемы)
_eАвтореф. дис. на соиск. учен. степени д-ра юрид. наук
_e(12.00.01)
_fСвердл. юрид. ин-т
210 _aСвердловск
_d1975
215 _a35 с.
320 _aСписок работ авт.: с. 34-35 (19 назв.)
700 1 _aДюрягин
_bИ.Я.
_gИван Яковлевич
801 0 _aRU
_bNLR
_gpsbo
801 1 _aRU
_bELAR
_2rusmarc
852 _aNLR
_j76-6/2028
942 _cBOOK